Jak efektivně vést druhé Příručka sebezdokonalování pro manažery
Saved in:
| Main Author: | |
|---|---|
| Other Authors: | |
| Format: | Book |
| Language: | Czech |
| Published: |
Praha
Management Press
1993
|
| Edition: | 1. vyd. |
| Subjects: | |
| Tags: |
No Tags, Be the first to tag this record!
|
MARC
| LEADER | 00000nam a2200000 4500 | ||
|---|---|---|---|
| 001 | c003130 | ||
| 005 | 20221206074618.6 | ||
| 020 | |a 80-85603-40-3 | ||
| 041 | 0 | |a cze | |
| 044 | |a CZ | ||
| 245 | 1 | 0 | |a Jak efektivně vést druhé |b Příručka sebezdokonalování pro manažery |c John Adair ; Prekl. Pavel Medek |
| 250 | |a 1. vyd. | ||
| 264 | 1 | |a Praha |b Management Press |c 1993 | |
| 300 | |a 774 s. | ||
| 610 | 2 | 0 | |a osobnosť |
| 610 | 2 | 0 | |a manažéri |
| 610 | 2 | 0 | |a vedenie |
| 610 | 2 | 0 | |a motivácia |
| 610 | 2 | 0 | |a sebavýchova |
| 610 | 2 | 0 | |a psychológia |
| 100 | 1 | |a Adair, John | |
| 700 | 1 | |a Medek, Pavel | |